000 00436 a2200169 4500
001 69153
020 _a978851605452
040 _cAnchieta - Itaigara
100 _aAzevedo, Ricardo
240 1 0 _aVocĂȘ me chamou de feio, sou feio mas sou dengoso!
_lpor
245 1 0 _aVocĂȘ me chamou de feio, sou feio mas sou dengoso!
300 _a63
362 0 _a2007
440 1 _aModerna
650 4 _aLiteratura infanto-juvenil
942 _cBK
999 _c69153
_d69153